| 000 | 01226nam a2200301 a 4500 | ||
|---|---|---|---|
| 001 | 42030 | ||
| 003 | BD-RjUL | ||
| 005 | 20211209053502.0 | ||
| 008 | 160608s1968 enk 001 0 eng d | ||
| 035 | _a(BD-RjUL)42148 | ||
| 035 | _a2974910 | ||
| 040 |
_aANL _beng _cANL _dABN-SNR _dBD-RjUL |
||
| 041 | _aeng | ||
| 082 | 0 | 4 |
_a327 _bWAF 1968 |
| 100 | 1 |
_aWaltz, Kenneth N. _q(Kenneth Neal), _d1924- _9129217 |
|
| 245 | 1 | 0 |
_aForeign policy and democratic politics : _bthe American and British experience / _cKenneth N. Waltz. |
| 250 | _a1st ed. | ||
| 260 |
_aLondon : _bLongmans, _c1968 |
||
| 300 |
_axii, 331 p. : _bill. ; _c23 cm. |
||
| 500 | _a"Jointly sponsored by the Institute of War and Peace Studies, School of International Affairs. Columbia University ... and the Center for International Affairs, Harvard University.". | ||
| 504 | _aIncludes Bibliographical footnotes and index | ||
| 651 | 0 |
_aUnited States _xForeign relations _y1945-1989. _9129218 |
|
| 651 | 0 |
_aGreat Britain _xForeign relations _y1945- _9129122 |
|
| 710 | 2 |
_aHarvard University. _bCenter for International Affairs. _9128960 |
|
| 710 | 2 |
_aColumbia University. _bInstitute of War and Peace Studies. _9129219 |
|
| 942 |
_2ddc _cBK |
||
| 999 |
_c42030 _d42030 |
||